000 00985nam a22002297a 4500
999 _c2058
_d2058
003 AR-CdUCM
008 190301b ||||| |||| 00| 0 spa d
040 _aMUNICIPALIDAD PROVINCIAL DEL CUSCO
_cBIBLIOTECA MUNICIPAL DEL CUSCO
082 _a869.5004 /
_bCH19
100 _aChang-Rodríguez, Raquel
_97449
245 _aEl discurso disidente :
_bensayos de literatura colonial peruana /
260 _aLima :
_bPontificia Universidad Católica del Perú,
_c1991.
300 _a282 páginas ;
_c20 cm.
_bIlustraciones.
505 _aLa re-interpretación de la conquista - Rebelión y religión en Titu Cusi y Guaman Poma - El renacimiento de Inca - Guaman Poma de Ayala y las guerras civiles del Perú - La imposición de las Leyes Nuevas en el Perú...
650 _aHistoria.
_9136
650 _aVirreinato del Perú.
_92484
650 _aInca.
_9421
650 _aGuaman Poma de Ayala.
_97450
650 _aUsca Paucar.
_97451
942 _2ddc
_cLIBROS
945 _admma
_d2019-03-01